| 000 | 00626nam a2200229Ia 4500 | ||
|---|---|---|---|
| 003 | IN-BaIIA | ||
| 008 | 211028s9999 xx 000 0 eng d | ||
| 020 | _a0-8247-8729-3 | ||
| 040 | _cIIA Library | ||
| 080 |
_a535.5 _bCOL |
||
| 100 |
_aCollett, E _926724 |
||
| 245 | 0 |
_aPolarized light _bfundamentals and applications _cE. Collett |
|
| 260 |
_aNew York _bMarcel Dekker _c1992 |
||
| 300 | _axvii, 581p. | ||
| 490 | _aOptical enginnering | ||
| 650 |
_aClassical optics _926725 |
||
| 650 |
_aCrystal optics _96387 |
||
| 650 |
_aLight _92428 |
||
| 650 |
_aPolarization _95652 |
||
| 650 |
_aReflection _920643 |
||
| 942 | _cBK | ||
| 999 |
_c14835 _d14835 |
||